000 00557nam a22002177a 4500
999 _c10450
_d10450
001 10450
003 BD-JhCC
005 20180428102941.0
008 180428b1965 as ||||| |||| 00| 0 eng d
035 _a(BD-JhCC)10450
040 _aBD-JhCC
_dBD-JhCC
041 _aeng
082 _a813.4
_bJAM 1965
100 _aJames L., Roberts,
245 _aThe American : notes /
_cRoberts, James L.,
260 _aLincoln :
_b Neb. : Cliffs Notes Inc.,
_c1965.
300 _a79 p. :
_c22 cm.
650 _aExaminations
942 _2ddc
_cREF